000
00309nam a22001217a 4500
008
160521b xxu||||| |||| 00| 0 eng d
020
_a
9781269517027
020
_a
9781269517027
041
_a
eng
080
_a
579
245
_a
Practicng biology:
_c
Scott Freeman; Jean Heitz; Cynthia Giffen;
942
_2
udc
_c
BK
999
_c
2360
_d
2360